000 00306pam a2200133 a 4500
020 _c
041 _aeng
082 _a423.914
_bVIR
100 _a Virkar , K. B.
245 _aThe Little Modern Dictonary
_hTextual Documents
260 _a[s.l]:
_bSubhodh Prakashan
300 _a1179p.
930 _a18066
999 _c94966
_d94966